一度で乗り通せないJR路線 - Statistics

General Stats
  • This quiz has been taken 898 times
  • The average score is 9 of 19
Answer Stats
Hint Answer % Correct
JR四国 予讃線
68%
JR東日本 八高線
60%
JR東日本 磐越西線
60%
JR東日本 上越線
59%
JR西日本 芸備線
59%
JR西日本 姫新線
54%
JR東日本 内房線
53%
JR西日本 大糸線
47%
JR東日本 大糸線
47%
JR九州 肥薩線 八代~隼人間は一部でバス・タクシー代行
43%
JR九州 筑肥線 姪浜~唐津区間と山本~伊万里区間は独立しており、唐津線を経由しないとアクセスできない
41%
JR東日本 川越線
39%
JR西日本 福塩線
38%
JR西日本 因美線
37%
JR東日本 青梅線
35%
JR東日本 米坂線 坂町~今泉間はバス代行
35%
JR九州 日田彦山線 添田~夜明間はBRT転換されているが、同一路線として扱う
35%
JR東日本 津軽線 蟹田~三厩間はバス代行、同区間廃止の見通し
34%
JR西日本 赤穂線
34%
No matching quizzes found
Score Distribution
Percent of People with Each Score
Percentile by Number Answered
Your Score History
You have not taken this quiz